ՀՀ Գիտությունների ազգային ակադեմիայի հիմնարար գիտական գրադարան  =   Fundamental Scientific Library of NAS RA

Краткий справочник по карантинным вредителям, болезням и сорным растениям : (Record no. 229640)

MARC details
000 -LEADER
fixed length control field 01074nam a2200229 u 4500
001 - CONTROL NUMBER
control field 000644740
003 - CONTROL NUMBER IDENTIFIER
control field AM-YeHGA
005 - DATE AND TIME OF LATEST TRANSACTION
control field 20250617140938.0
008 - FIXED-LENGTH DATA ELEMENTS--GENERAL INFORMATION
fixed length control field 090323s1962 ||| r 000 0 rus d
040 ## - CATALOGING SOURCE
Original cataloging agency AM-YeHGA
041 0# - LANGUAGE CODE
Language code of text/sound track or separate title rus
090 ## - LOCALLY ASSIGNED LC-TYPE CALL NUMBER (OCLC); LOCAL CALL NUMBER (RLIN)
-- 231192
100 1# - MAIN ENTRY--PERSONAL NAME
Personal name Тихонов, Николай Петрович
245 10 - TITLE STATEMENT
Title Краткий справочник по карантинным вредителям, болезням и сорным растениям :
Remainder of title (В помощь общественному карантинному уполномоченному и агроному) /
Statement of responsibility, etc. Н.П. Тихонов, П.А. Клюшкин; Отв. ред. И.С. Стригин.
260 ## - PUBLICATION, DISTRIBUTION, ETC.
Place of publication, distribution, etc. Смоленск :
Name of publisher, distributor, etc. Смоленск. кн. изд-во,
Date of publication, distribution, etc. 1962.
300 ## - PHYSICAL DESCRIPTION
Extent 241 с. :
Other physical details ил.
504 ## - BIBLIOGRAPHY, ETC. NOTE
Bibliography, etc. note Библиогр.: с. 237-238
653 0# - INDEX TERM--UNCONTROLLED
Uncontrolled term Сельское хозяйство
653 0# - INDEX TERM--UNCONTROLLED
Uncontrolled term Сорные растения - Справочники
700 1# - ADDED ENTRY--PERSONAL NAME
Personal name Клюшкин, Петр Амосович
700 1# - ADDED ENTRY--PERSONAL NAME
Personal name Стригин, И.С.
Relator term ред.
Relationship edt
Holdings
Withdrawn status Lost status Source of classification or shelving scheme Damaged status Not for loan Collection Home library Current library Date acquired Total checkouts Full call number Barcode Date last seen Price effective from Koha item type Public note
    Universal Decimal Classification     General Fundamental Scientific Library Fundamental Scientific Library 29/12/2016   PI/7706 FL0103243 29/12/2016 29/12/2016 Գրքեր / Books 30 Days Loan


ՀՀ ԳԱԱ հիմնարար գիտական գրադարան
ՀՀ,Երևան 0019
Մարշալ Բաղրամյան 24/6
հեռախոս:(374-10) 52-47-50
Հետադարձ կապ

All site content, except where otherwise noted, is licensed under a
Creative Commons License